[Event "12th EUR-ch"]
[Site "Aix-les-Bains FRA"]
[Date "2011.03.27"]
[Round "6.14"]
[White "Zherebukh, Yaroslav"]
[Black "Khairullin, Ildar"]
[Result "0-1"]
[WhiteElo "2560"]
[BlackElo "2634"]
[EventDate "2011.03.22"]
[PlyCount "92"]

1.e4 e5 2.Nf3 Nc6 3.Nc3 Nf6 4.Nd5 Bd6 5.Bc4 Nxe4 6.d3 Nf6 7.Ng5 O-O 8.h4 
Nd4 9.Rh3 Ne6 10.Qf3 c6 11.Nxf6+ Qxf6 12.Qg4 Bb4+ 13.c3 d5 14.Qh5 Qg6 15.
Qxg6 hxg6 16.cxb4 Nxg5 17.Rh1 Ne6 18.Bb3 Nd4 19.Be3 Nxb3 20.axb3 d4 21.Bd2
Be6 22.h5 Bf5 23.Ke2 gxh5 24.f3 Bg6 25.b5 cxb5 26.Rhc1 f6 27.Rc7 Rf7 28.
Rxf7 Bxf7 29.b4 Bd5 30.Kf2 a6 31.Rc1 Bc6 32.g3 Kf7 33.Rh1 g6 34.Re1 Ke6 
35.Rh1 Rc8 36.Rc1 g5 37.f4 gxf4 38.gxf4 Rg8 39.Rg1 Rxg1 40.Kxg1 Kf5 41.
fxe5 fxe5 42.Bh6 e4 43.dxe4+ Kxe4 44.Kf2 h4 45.Bf8 h3 46.Bd6 Kd3 0-1

[Event "12th EUR-ch"]
[Site "Aix-les-Bains FRA"]
[Date "2011.03.27"]
[Round "6.15"]
[White "Iordachescu, Viorel"]
[Black "Bellaiche, Anthony"]
[Result "1-0"]
[WhiteElo "2626"]
[BlackElo "2472"]
[EventDate "2011.03.22"]
[PlyCount "69"]

1.c4 c6 2.e4 d5 3.exd5 cxd5 4.d4 Nf6 5.Nc3 Nc6 6.Bg5 Be6 7.a3 g6 8.Bxf6 
exf6 9.cxd5 Bxd5 10.Qe2+ Ne7 11.Nxd5 Qxd5 12.Qb5+ Qd7 13.Qxd7+ Kxd7 14.Bc4
Nf5 15.Bb5+ Kc7 16.Ne2 Kb6 17.Ba4 Bh6 18.Rd1 Rhd8 19.h4 Ka5 20.Bb3 Rd7 21.
h5 Re8 22.Kf1 Rde7 23.Bc4 b5 24.Bd3 Bf8 25.hxg6 hxg6 26.Nc3 Nxd4 27.b4+ 
Ka6 28.Rh4 Nf5 29.Bxb5+ Kb7 30.Rc4 Nd6 31.Bc6+ Kb8 32.Rcd4 Nf5 33.Rd5 Rc8 
34.Rb5+ Kc7 35.Bf3 1-0

[Event "12th EUR-ch"]
[Site "Aix-les-Bains FRA"]
[Date "2011.03.27"]
[Round "6.16"]
[White "Lupulescu, Constantin"]
[Black "Vaisser, Anatoly"]
[Result "1-0"]
[WhiteElo "2626"]
[BlackElo "2522"]
[EventDate "2011.03.22"]
[PlyCount "85"]

1.d4 e6 2.c4 f5 3.g3 Nf6 4.Bg2 c6 5.Nh3 d5 6.O-O Bd6 7.b3 b5 8.Ba3 b4 9.
Bc1 e5 10.a3 dxc4 11.axb4 Qe7 12.bxc4 Bxb4 13.dxe5 Qxe5 14.Qa4 Qe7 15.Ba3 
Bxa3 16.Bxc6+ Nxc6 17.Qxc6+ Kf7 18.Qxa8 Bc5 19.Nc3 Rd8 20.Qf3 Bd4 21.Rad1 
Bb7 22.Nd5 Nxd5 23.Rxd4 Nf6 24.Qe3 Rxd4 25.Qxd4 Qxe2 26.Qxa7 Qb2 27.Nf4 
Qb3 28.Rc1 g5 29.Nd5 Nxd5 30.cxd5 Kg6 31.Qd4 Bxd5 32.Qd1 Qb7 33.Rb1 Qc6 
34.Rc1 Qb7 35.Rb1 Qc6 36.Qc1 Qa4 37.Qe3 Be4 38.Rc1 Qa8 39.Re1 Qb7 40.h3 
Qd5 41.f3 Bxf3 42.Qe8+ Kg7 43.Re7+ 1-0

[Event "12th EUR-ch"]
[Site "Aix-les-Bains FRA"]
[Date "2011.03.27"]
[Round "6.17"]
[White "Popov, Ivan"]
[Black "Svidler, Peter"]
[Result "1/2-1/2"]
[WhiteElo "2613"]
[BlackElo "2730"]
[EventDate "2011.03.22"]
[PlyCount "42"]

1.e4 e5 2.Nf3 Nc6 3.Nc3 Nf6 4.Bb5 Nd4 5.Nxe5 Qe7 6.f4 Nxb5 7.Nxb5 d6 8.Nf3
Qxe4+ 9.Kf2 Ng4+ 10.Kg3 Qg6 11.Nh4 Qf6 12.h3 g5 13.Qe2+ Ne5 14.d4 gxf4+ 
15.Kh2 Qxh4 16.dxe5 Qg3+ 17.Kg1 f3 18.Qxf3 Qxf3 19.gxf3 Kd7 20.exd6 Bxd6 
21.Nxd6 Kxd6 1/2-1/2

[Event "12th EUR-ch"]
[Site "Aix-les-Bains FRA"]
[Date "2011.03.27"]
[Round "6.18"]
[White "Nepomniachtchi, Ian"]
[Black "Macieja, Bartlomiej"]
[Result "1/2-1/2"]
[WhiteElo "2729"]
[BlackElo "2619"]
[EventDate "2011.03.22"]
[PlyCount "120"]

1.e4 c5 2.Nf3 Nc6 3.d4 cxd4 4.Nxd4 e6 5.Nc3 Qc7 6.Be3 a6 7.Qd2 Nf6 8.O-O-O
Nxd4 9.Qxd4 Ng4 10.Qb6 Qc6 11.Bd4 e5 12.Be3 Be7 13.Nd5 Bd8 14.Qb3 Nxe3 15.
Qxe3 O-O 16.g3 d6 17.h4 Be6 18.Bh3 Rc8 19.Qe2 Qd7 20.Bg2 Rc5 21.Kb1 Bxd5 
22.exd5 f5 23.Bh3 Qb5 24.Qxb5 Rxb5 25.f3 h5 26.Bf1 Rc5 27.Bd3 Bb6 28.c3 g6
29.Rh2 Kg7 30.Bc2 Bd8 31.Rg2 Kh6 32.a3 Rc7 33.Rh1 Re7 34.Re2 Rg7 35.Reh2 
Re7 36.Re2 Rfe8 37.Rhe1 Bb6 38.Kc1 Rf8 39.Rg2 Kg7 40.Kd2 Kf6 41.Rf1 Rh8 
42.Rh2 Rc8 43.Re2 Rc5 44.Bb3 Kg7 45.Ba2 Rc8 46.Bb1 Rc5 47.Ba2 Rc8 48.Bb1 
Rce8 49.Rfe1 Kf6 50.Rf1 Rg8 51.g4 Rh7 52.Rh2 Rhh8 53.a4 Rc8 54.Bd3 a5 55.
b3 Rce8 56.g5+ Kg7 57.Re2 Re7 58.Bb5 Rc8 59.Kd3 Rc5 60.Bc4 Rec7 1/2-1/2

[Event "12th EUR-ch"]
[Site "Aix-les-Bains FRA"]
[Date "2011.03.27"]
[Round "6.19"]
[White "Ivanisevic, Ivan"]
[Black "Navara, David"]
[Result "1/2-1/2"]
[WhiteElo "2617"]
[BlackElo "2722"]
[EventDate "2011.03.22"]
[PlyCount "126"]

1.d4 Nf6 2.Bg5 e6 3.e3 h6 4.Bh4 c5 5.Nd2 Be7 6.dxc5 Bxc5 7.Ngf3 Be7 8.e4 
d6 9.Bb5+ Bd7 10.a4 O-O 11.O-O a6 12.Bd3 Bc6 13.Re1 Nbd7 14.c3 b6 15.Nc4 
Qc7 16.Nd4 Bb7 17.Bg3 Ne5 18.Nxe5 dxe5 19.Qe2 Rfd8 20.Nf3 Nd7 21.h4 g6 22.
Rad1 Bf6 23.h5 g5 24.Nh2 Bg7 25.Ng4 Qc6 26.f3 Qxa4 27.Bc2 Qc6 28.Qd2 b5 
29.Bf2 Qc7 30.Qe3 Nf6 31.Nxf6+ Bxf6 32.Qb6 Qc6 33.Bc5 Rdc8 34.Qxc6 Bxc6 
35.b4 Be8 36.Bd3 Bg7 37.Ra1 f6 38.c4 Bf8 39.cxb5 axb5 40.Rxa8 Rxa8 41.Rc1 
Rd8 42.Bf1 Rc8 43.Kf2 Bxc5+ 44.bxc5 f5 45.g4 fxg4 46.fxg4 Kf8 47.Ke3 Ke7 
48.Bd3 Bc6 49.Rb1 Rb8 50.Ra1 b4 51.Ra6 Kd7 52.Kd2 Ra8 53.Rb6 Ra2+ 54.Ke3 
Rg2 55.Be2 b3 56.Rxb3 Bxe4 57.Kxe4 Rxe2+ 58.Re3 Rc2 59.Kxe5 Ke7 60.Kd4 Rg2
61.Re4 Rc2 62.Re3 Rg2 63.Re4 Rc2 1/2-1/2

[Event "12th EUR-ch"]
[Site "Aix-les-Bains FRA"]
[Date "2011.03.27"]
[Round "6.20"]
[White "Vitiugov, Nikita"]
[Black "Kulaots, Kaido"]
[Result "1-0"]
[WhiteElo "2720"]
[BlackElo "2601"]
[EventDate "2011.03.22"]
[PlyCount "58"]

1.d4 Nf6 2.Bg5 e6 3.Nd2 c5 4.e3 cxd4 5.exd4 Be7 6.Bd3 b6 7.Ne2 Bb7 8.O-O 
Nc6 9.c3 Nd5 10.Be3 O-O 11.Nf4 Nxf4 12.Bxf4 d6 13.Nc4 e5 14.dxe5 dxe5 15.
Bg3 g6 16.Be4 f6 17.Qc2 Kg7 18.Rad1 Qc8 19.Rfe1 Rd8 20.Ne3 Bd6 21.Rd2 Ne7 
22.Red1 Bxe4 23.Qxe4 Bc7 24.Rxd8 Bxd8 25.f4 exf4 26.Bxf4 Qc6 27.Rd7 Kg8 
28.Nd5 Rc8 29.Bh6 b5 1-0

[Event "12th EUR-ch"]
[Site "Aix-les-Bains FRA"]
[Date "2011.03.27"]
[Round "6.21"]
[White "Tregubov, Pavel"]
[Black "Jakovenko, Dmitry"]
[Result "1/2-1/2"]
[WhiteElo "2598"]
[BlackElo "2718"]
[EventDate "2011.03.22"]
[PlyCount "36"]

1.d4 d5 2.c4 c6 3.Nf3 Nf6 4.Nc3 dxc4 5.a4 e6 6.e3 c5 7.Bxc4 Nc6 8.O-O cxd4
9.exd4 Be7 10.Bg5 O-O 11.Re1 Bd7 12.Qe2 Nb4 13.Ne5 Rc8 14.Bb3 Be8 15.Rad1 
Nfd5 16.Bd2 Bc6 17.Qg4 Kh8 18.Qh5 Kg8 1/2-1/2

[Event "12th EUR-ch"]
[Site "Aix-les-Bains FRA"]
[Date "2011.03.27"]
[Round "6.22"]
[White "Jobava, Baadur"]
[Black "Azarov, Sergei"]
[Result "1/2-1/2"]
[WhiteElo "2707"]
[BlackElo "2615"]
[EventDate "2011.03.22"]
[PlyCount "105"]

1.Nf3 Nf6 2.c4 e6 3.g3 d5 4.Bg2 Be7 5.O-O O-O 6.Qc2 c5 7.d4 cxd4 8.Nxd4 
Nc6 9.Nxc6 bxc6 10.b3 a5 11.Nc3 Ba6 12.Rd1 Qb6 13.Na4 Qb7 14.Bd2 Rfe8 15.
Rab1 Bb4 16.Bc1 Qe7 17.h3 h6 18.Bb2 Nd7 19.Ba1 Rab8 20.Rbc1 Red8 21.e3 Ba3
22.Rb1 Nc5 23.Qc3 f6 24.Nxc5 Qxc5 25.Qc2 Qe7 26.h4 Rd7 27.Bh3 f5 28.Bf1 
Rbd8 29.Be5 Bb4 30.c5 Bxf1 31.Bd6 Qf6 32.Kxf1 Rb7 33.Rd4 Rb5 34.h5 e5 35.
Rh4 e4 36.Kg2 Bc3 37.Bc7 Ra8 38.Bb6 Be5 39.Rhh1 Kh7 40.a3 Qg5 41.Qe2 Qe7 
42.Rhd1 Qf7 43.Kg1 Bf6 44.b4 axb4 45.Rxb4 Rxb4 46.axb4 d4 47.exd4 Ra2 48.
Rd2 Ra1+ 49.Rd1 Ra2 50.Rd2 Ra1+ 51.Kh2 Qd5 52.Rd1 Qf7 53.Kg1 1/2-1/2

[Event "12th EUR-ch"]
[Site "Aix-les-Bains FRA"]
[Date "2011.03.27"]
[Round "6.23"]
[White "Dreev, Aleksey"]
[Black "Edouard, Romain"]
[Result "1-0"]
[WhiteElo "2697"]
[BlackElo "2600"]
[EventDate "2011.03.22"]
[PlyCount "87"]

1.d4 d5 2.c4 dxc4 3.e4 e5 4.Nf3 exd4 5.Bxc4 Nc6 6.O-O Be6 7.Bxe6 fxe6 8.
Qb3 Qd7 9.Qxb7 Rb8 10.Qa6 Nf6 11.Nbd2 Bd6 12.b3 O-O 13.Bb2 e5 14.Rfc1 Rb6 
15.Qe2 Kh8 16.Ne1 Bb4 17.Nc4 Bxe1 18.Nxb6 Bxf2+ 19.Qxf2 cxb6 20.Qf5 Qd6 
21.Ba3 Qxa3 22.Rxc6 Qb2 23.Rf1 d3 24.Rc8 Rxc8 25.Qxc8+ Ng8 26.h3 Qxa2 27.
Qc4 Nf6 28.Qxd3 h6 29.Qd8+ Kh7 30.Qe7 Kh8 31.Qd8+ Kh7 32.Qc7 Kh8 33.Qb8+ 
Kh7 34.Qxe5 Qxb3 35.Qf5+ Kh8 36.e5 Qe3+ 37.Kh2 Ng8 38.Qe6 Qc5 39.Rf7 b5 
40.Qd6 Qe3 41.e6 b4 42.e7 b3 43.Rf8 b2 44.Qd5 1-0

[Event "12th EUR-ch"]
[Site "Aix-les-Bains FRA"]
[Date "2011.03.27"]
[Round "6.24"]
[White "Pelletier, Yannick"]
[Black "Naiditsch, Arkadij"]
[Result "1/2-1/2"]
[WhiteElo "2593"]
[BlackElo "2684"]
[EventDate "2011.03.22"]
[PlyCount "86"]

1.d4 Nf6 2.c4 e6 3.Nc3 Bb4 4.e3 O-O 5.Bd3 d5 6.Nf3 c5 7.O-O Nc6 8.a3 Bxc3 
9.bxc3 dxc4 10.Bxc4 Qc7 11.Bb2 b6 12.Qe2 e5 13.h3 e4 14.Nd2 Na5 15.Ba2 c4 
16.a4 Be6 17.Ba3 Rfe8 18.Rfb1 Rac8 19.Rb5 Bd5 20.Rc1 Qc6 21.Qd1 h5 22.Rcb1
g6 23.Kh1 Kg7 24.Rxa5 bxa5 25.Rb5 Qc7 26.Rc5 Qd8 27.Nxc4 Rxc5 28.Bxc5 Nd7 
29.Ba3 Nb6 30.Qe2 Qd7 31.Nd6 Bxa2 32.Nxe8+ Qxe8 33.Qxa2 Qxa4 34.c4 Qxc4 
35.Qb1 Qd3 36.Qa1 Nc4 37.Be7 Kh7 38.Qa2 a4 39.Qxa4 Nd2 40.Qa1 Kg8 41.Bb4 
Nc4 42.Bc3 a6 43.d5 Qxd5 1/2-1/2

[Event "12th EUR-ch"]
[Site "Aix-les-Bains FRA"]
[Date "2011.03.27"]
[Round "6.25"]
[White "Motylev, Alexander"]
[Black "Pantsulaia, Levan"]
[Result "1/2-1/2"]
[WhiteElo "2677"]
[BlackElo "2595"]
[EventDate "2011.03.22"]
[PlyCount "43"]

1.e4 c5 2.Nf3 e6 3.d4 cxd4 4.Nxd4 a6 5.Bd3 Nf6 6.O-O e5 7.Nf3 Nc6 8.Bg5 
Bc5 9.Nc3 h6 10.Bxf6 Qxf6 11.Nd5 Qd8 12.c3 d6 13.b4 Ba7 14.Bc4 O-O 15.Qd3 
Be6 16.Bb3 Rc8 17.Rfd1 Qd7 18.Nh4 Ne7 19.Rac1 Nxd5 20.Bxd5 g6 21.Rc2 Kh7 
22.h3 1/2-1/2

[Event "12th EUR-ch"]
[Site "Aix-les-Bains FRA"]
[Date "2011.03.27"]
[Round "6.26"]
[White "Sargissian, Gabriel"]
[Black "Melkumyan, Hrant"]
[Result "1/2-1/2"]
[WhiteElo "2676"]
[BlackElo "2593"]
[EventDate "2011.03.22"]
[PlyCount "35"]

1.Nf3 Nf6 2.c4 c5 3.e3 e6 4.d4 d5 5.cxd5 exd5 6.Bb5+ Bd7 7.Bxd7+ Nbxd7 8.
dxc5 Nxc5 9.O-O Be7 10.Nc3 O-O 11.b3 Rc8 12.Bb2 Nce4 13.Nxe4 dxe4 14.Nd4 
Qa5 15.Qe2 a6 16.Rac1 Rfd8 17.Rfd1 Bf8 18.a4 1/2-1/2

[Event "12th EUR-ch"]
[Site "Aix-les-Bains FRA"]
[Date "2011.03.27"]
[Round "6.27"]
[White "Grachev, Boris"]
[Black "Nikolic, Predrag"]
[Result "1/2-1/2"]
[WhiteElo "2675"]
[BlackElo "2596"]
[EventDate "2011.03.22"]
[PlyCount "53"]

1.d4 d5 2.c4 dxc4 3.e3 Nf6 4.Bxc4 e6 5.Nf3 c5 6.O-O a6 7.Bb3 Nc6 8.Nc3 Qc7
9.Qe2 Be7 10.dxc5 Bxc5 11.Bd2 O-O 12.Rac1 Rd8 13.h3 Bd6 14.e4 Bd7 15.Be3 
Be8 16.Na4 Nd7 17.Nd4 Nxd4 18.Bxd4 Qb8 19.Nb6 Nxb6 20.Bxb6 Rc8 21.Rxc8 
Qxc8 22.Qe3 Be5 23.Rd1 Qc6 24.Bd4 Qc7 25.Qg5 Bxd4 26.Rxd4 Rc8 27.Rc4 
1/2-1/2

[Event "12th EUR-ch"]
[Site "Aix-les-Bains FRA"]
[Date "2011.03.27"]
[Round "6.29"]
[White "Nielsen, Peter Heine"]
[Black "Palac, Mladen"]
[Result "1/2-1/2"]
[WhiteElo "2670"]
[BlackElo "2586"]
[EventDate "2011.03.22"]
[PlyCount "53"]

1.d4 Nf6 2.c4 e6 3.Nf3 d5 4.Nc3 Bb4 5.cxd5 exd5 6.Bg5 h6 7.Bh4 c5 8.e3 g5 
9.Bg3 Ne4 10.Rc1 c4 11.Be2 Qa5 12.Ne5 Nc6 13.O-O Bxc3 14.bxc3 Nxc3 15.Rxc3
Qxc3 16.Bh5 O-O 17.Bxf7+ Rxf7 18.Nxf7 Kxf7 19.Qf3+ Kg7 20.Qxd5 Qd3 21.Be5+
Nxe5 22.Qxe5+ Kg8 23.Qe8+ Kg7 24.Qe7+ Kg8 25.Qe8+ Kg7 26.Qe7+ Kg8 27.Qe8+ 
1/2-1/2

[Event "12th EUR-ch"]
[Site "Aix-les-Bains FRA"]
[Date "2011.03.27"]
[Round "6.30"]
[White "Kotronias, Vasilios"]
[Black "Mamedov, Rauf"]
[Result "0-1"]
[WhiteElo "2583"]
[BlackElo "2667"]
[EventDate "2011.03.22"]
[PlyCount "80"]

1.e4 c5 2.Nf3 Nc6 3.d4 cxd4 4.Nxd4 g6 5.c4 Nf6 6.Nc3 Nxd4 7.Qxd4 d6 8.Bg5 
Bg7 9.Be2 O-O 10.Qd2 a5 11.O-O a4 12.Qe3 Be6 13.Rac1 Qa5 14.f4 Rfc8 15.Nb5
Bd7 16.e5 Bxb5 17.cxb5 Nd5 18.Qd4 e6 19.h3 a3 20.b4 Nxb4 21.Qxd6 Nxa2 22.
Rxc8+ Rxc8 23.f5 gxf5 24.Bh5 Qc7 25.Qxa3 Nc3 26.Kh1 Ne4 27.Bf4 Bxe5 28.Rc1
Bxf4 29.Rxc7 Rxc7 30.g4 Rc2 31.gxf5 Ng3+ 32.Kg1 Nxf5 33.Bg4 Ng3 34.b6 e5 
35.Qf3 Rb2 36.Qc3 Rxb6 37.Kg2 Kg7 38.Bd1 Rd6 39.Bb3 Rd2+ 40.Kf3 Rf2+ 0-1

[Event "12th EUR-ch"]
[Site "Aix-les-Bains FRA"]
[Date "2011.03.27"]
[Round "6.31"]
[White "Zvjaginsev, Vadim"]
[Black "Mikhalevski, Victor"]
[Result "1-0"]
[WhiteElo "2663"]
[BlackElo "2584"]
[EventDate "2011.03.22"]
[PlyCount "75"]

1.c4 Nf6 2.Nc3 d5 3.cxd5 Nxd5 4.g3 e5 5.Bg2 Nb6 6.e3 Nc6 7.Nge2 Be7 8.O-O 
O-O 9.f4 a5 10.fxe5 Nxe5 11.d4 Ng6 12.b3 c6 13.e4 c5 14.Be3 cxd4 15.Qxd4 
Qxd4 16.Bxd4 Nd7 17.Nd5 Bc5 18.Rac1 b6 19.Bxc5 bxc5 20.Rfd1 a4 21.Nef4 
Nde5 22.Nxg6 hxg6 23.Rxc5 Bg4 24.Rb1 axb3 25.axb3 Nf3+ 26.Bxf3 Bxf3 27.Rf1
Be2 28.Ne7+ Kh7 29.Rf4 Ra1+ 30.Kg2 Ra2 31.Rh4+ Bh5+ 32.Kh3 Kh6 33.g4 f5 
34.exf5 Re8 35.g5+ Kxg5 36.fxg6+ Kf6 37.Nd5+ Kxg6 38.Rxh5 1-0

[Event "12th EUR-ch"]
[Site "Aix-les-Bains FRA"]
[Date "2011.03.27"]
[Round "6.32"]
[White "Jaracz, Pawel"]
[Black "Fridman, Daniel"]
[Result "1/2-1/2"]
[WhiteElo "2565"]
[BlackElo "2661"]
[EventDate "2011.03.22"]
[PlyCount "95"]

1.e4 e5 2.Nf3 Nf6 3.Nxe5 d6 4.Nf3 Nxe4 5.Nc3 Nxc3 6.dxc3 Be7 7.Bf4 Nc6 8.
Bd3 Be6 9.Qe2 Qd7 10.O-O-O Bf5 11.Bb5 Qe6 12.Rhe1 Qxe2 13.Rxe2 Kf8 14.Rde1
Bf6 15.Bg5 Bxg5+ 16.Nxg5 h6 17.Bxc6 bxc6 18.Nf3 c5 19.b4 cxb4 20.cxb4 Be6 
21.Nd4 a5 22.Nxe6+ fxe6 23.Rxe6 axb4 24.Re7 h5 25.Rxc7 Rh6 26.Kb2 Rg6 27.
g3 Rf6 28.f4 h4 29.Rb7 hxg3 30.hxg3 Rg6 31.Re3 Ra3 32.Rb3 Rxb3+ 33.cxb3 
Rxg3 34.Rxb4 Rg2+ 35.Ka3 Ke7 36.Rb5 Rf2 37.Rb7+ Kf6 38.Rd7 Rxf4 39.Rxd6+ 
Kf5 40.Rd5+ Kf6 41.b4 g5 42.b5 g4 43.b6 Ke7 44.Rb5 Rf8 45.Kb4 Kd6 46.a4 
Kc6 47.b7 Rb8 48.Rg5 1/2-1/2

[Event "12th EUR-ch"]
[Site "Aix-les-Bains FRA"]
[Date "2011.03.27"]
[Round "6.33"]
[White "Maze, Sebastien"]
[Black "Smirin, Ilia"]
[Result "1/2-1/2"]
[WhiteElo "2559"]
[BlackElo "2658"]
[EventDate "2011.03.22"]
[PlyCount "52"]

1.d4 Nf6 2.c4 g6 3.Nf3 Bg7 4.g3 O-O 5.Bg2 d6 6.O-O Nc6 7.Nc3 Bf5 8.Ne1 Bd7
9.e4 e5 10.d5 Nd4 11.Nc2 Re8 12.h3 c5 13.dxc6 bxc6 14.Be3 c5 15.Bg5 h6 16.
Bxf6 Bxf6 17.Nxd4 exd4 18.Nd5 Bg7 19.h4 h5 20.Qd3 Rb8 21.b3 a5 22.a4 Bc6 
23.Rab1 Rb7 24.Rfe1 Kh8 25.Qd1 Qb8 26.Bf1 Bd7 1/2-1/2

[Event "12th EUR-ch"]
[Site "Aix-les-Bains FRA"]
[Date "2011.03.27"]
[Round "6.34"]
[White "Gharamian, Tigran"]
[Black "Mamedov, Nidjat"]
[Result "1-0"]
[WhiteElo "2650"]
[BlackElo "2583"]
[EventDate "2011.03.22"]
[PlyCount "89"]

1.d4 Nf6 2.Nf3 g6 3.c4 Bg7 4.Nc3 d6 5.g3 O-O 6.Bg2 Nc6 7.O-O a6 8.Qd3 Bf5 
9.e4 Bg4 10.Be3 Bxf3 11.Bxf3 Nd7 12.Bg2 e5 13.dxe5 Ncxe5 14.Qe2 h5 15.Rad1
Ng4 16.Bc1 Re8 17.h3 Nge5 18.f4 Nc6 19.Qf2 Rf8 20.Kh1 Rb8 21.Rfe1 Qc8 22.
Nd5 Nf6 23.Nxf6+ Bxf6 24.c5 Qe6 25.cxd6 cxd6 26.b3 Rfd8 27.Re2 Rbc8 28.Be3
Bc3 29.Bb6 Re8 30.Re3 Nb4 31.Ba5 Rc5 32.Rxc3 Rxa5 33.Qb6 Rb5 34.Qxd6 Qxd6 
35.Rxd6 Nxa2 36.Rc2 Nb4 37.Rc7 Nc6 38.Rdd7 Rxb3 39.Rxf7 Rxg3 40.e5 Nd8 41.
Rg7+ Kh8 42.Rh7+ Kg8 43.Bd5+ Ne6 44.Rhe7 Rxe7 45.Rxe7 1-0

[Event "12th EUR-ch"]
[Site "Aix-les-Bains FRA"]
[Date "2011.03.27"]
[Round "6.35"]
[White "Vocaturo, Daniele"]
[Black "Gustafsson, Jan"]
[Result "1/2-1/2"]
[WhiteElo "2564"]
[BlackElo "2647"]
[EventDate "2011.03.22"]
[PlyCount "143"]

1.e4 e5 2.Nf3 Nc6 3.Bb5 a6 4.Ba4 Nf6 5.O-O Be7 6.Re1 b5 7.Bb3 O-O 8.c3 d6 
9.h3 Nb8 10.d4 Nbd7 11.c4 Bb7 12.Nc3 c6 13.Qc2 b4 14.Ne2 c5 15.d5 Ne8 16.
g4 g6 17.Ng3 Ng7 18.Kh1 Kh8 19.Rg1 Nf6 20.Rg2 Ng8 21.Be3 Bc8 22.Rag1 Ra7 
23.Ba4 Rc7 24.Qb1 Bh4 25.Qc1 Bd7 26.Nxh4 Bxa4 27.Nhf5 gxf5 28.gxf5 Qh4 29.
b3 Be8 30.Bg5 Qxh3+ 31.Rh2 Qg4 32.Qe3 f6 33.Ne2 Qxg5 34.Rxg5 fxg5 35.Qxg5 
Nf6 36.Ng3 Rcf7 37.Rh6 Bd7 38.f4 Nge8 39.Qh4 Rg7 40.Rg6 Rfg8 41.fxe5 dxe5 
42.Rxf6 Rxg3 43.Rf8 Rg1+ 44.Kh2 Rxf8 45.Kxg1 Nf6 46.Kf2 Kg7 47.Kf3 Kf7 48.
Qf2 Rc8 49.Qh2 Re8 50.Qg1 Rc8 51.Qa1 Rg8 52.Qxe5 Re8 53.Qc7 Rxe4 54.Qxc5 
Bxf5 55.d6 Kg6 56.Qb6 h5 57.c5 h4 58.c6 h3 59.Qf2 Ng4 60.d7 Nxf2 61.d8=Q 
Ng4 62.Qg8+ Kf6 63.c7 Re3+ 64.Kf4 Re4+ 65.Kg3 Re3+ 66.Kh4 h2 67.Qf8+ Ke5 
68.Qc5+ Ke6 69.Qc6+ Ke5 70.Qc5+ Ke6 71.Qc4+ Ke5 72.Qc5+ 1/2-1/2

[Event "12th EUR-ch"]
[Site "Aix-les-Bains FRA"]
[Date "2011.03.27"]
[Round "6.36"]
[White "Korobov, Anton"]
[Black "Halkias, Stelios"]
[Result "1-0"]
[WhiteElo "2647"]
[BlackElo "2579"]
[EventDate "2011.03.22"]
[PlyCount "134"]

1.d4 d5 2.c4 e6 3.Nc3 Be7 4.cxd5 exd5 5.Bf4 c6 6.e3 Bd6 7.Bg3 Ne7 8.Bd3 
Bf5 9.Be2 O-O 10.Qb3 Nc8 11.Nf3 Qb6 12.O-O Qxb3 13.axb3 Nd7 14.Rfc1 Re8 
15.Na4 Be7 16.Bf4 h6 17.h3 Bg6 18.Ra2 Ncb6 19.Nc5 Nxc5 20.dxc5 Nd7 21.b4 
a6 22.Nd4 Bg5 23.g3 Nf8 24.Bxg5 hxg5 25.Bg4 Rad8 26.b3 Be4 27.Rd1 Ne6 28.
Ne2 Nc7 29.Nc3 Bg6 30.Be2 Re7 31.Rad2 Rde8 32.Kg2 Be4+ 33.Kh2 Bf5 34.Kg2 
f6 35.Bh5 g6 36.Bf3 Kf7 37.Rh1 Rh8 38.g4 Be6 39.Kg3 f5 40.Rdd1 Kf6 41.Ne2 
Rh4 42.Nd4 Bc8 43.Be2 Ne6 44.Nf3 Rh8 45.Bd3 Reh7 46.Rh2 Bd7 47.Bc2 Nd8 48.
Rdh1 Ne6 49.Ra1 Bc8 50.Rah1 a5 51.bxa5 Nxc5 52.h4 gxh4+ 53.Rxh4 Rxh4 54.
g5+ Kg7 55.Rxh4 Re8 56.b4 Ne4+ 57.Bxe4 fxe4 58.Nd4 Bd7 59.Rh1 Rb8 60.Ra1 
Kf7 61.Kf4 Rh8 62.a6 bxa6 63.Rxa6 Rb8 64.Ke5 Rxb4 65.Ra7 Ke8 66.Kd6 Bf5 
67.Nxc6 Rb2 1-0

[Event "12th EUR-ch"]
[Site "Aix-les-Bains FRA"]
[Date "2011.03.27"]
[Round "6.37"]
[White "Rogozenco, Dorian"]
[Black "Pashikian, Arman"]
[Result "1/2-1/2"]
[WhiteElo "2553"]
[BlackElo "2642"]
[EventDate "2011.03.22"]
[PlyCount "113"]

1.d4 Nf6 2.c4 e6 3.Nf3 d5 4.Bg5 h6 5.Bxf6 Qxf6 6.Nc3 c6 7.e3 Nd7 8.Bd3 
dxc4 9.Bxc4 g6 10.O-O Bg7 11.Rc1 O-O 12.e4 Qe7 13.Re1 Rd8 14.Qe2 Rb8 15.e5
b5 16.Bd3 c5 17.Nxb5 Bb7 18.Nxa7 Ra8 19.Nb5 Bxf3 20.Qxf3 cxd4 21.Qg3 Rxa2 
22.Nxd4 Nxe5 23.Rxe5 Rxd4 24.Rb5 Qd6 25.Qxd6 Rxd6 26.Bc4 Rc6 27.Kf1 Bxb2 
28.Rb1 Rxc4 29.R5xb2 Raa4 30.g3 g5 31.h3 Kg7 32.Rb7 Kg6 33.Kg2 h5 34.R1b3 
Rc2 35.Rb2 Rxb2 36.Rxb2 f5 37.f3 Kf6 38.Kf2 h4 39.g4 Ke5 40.gxf5 exf5 41.
Rb5+ Kf4 42.Rb2 Rd4 43.Ra2 Ke5 44.Rb2 Rd5 45.Ra2 Rc5 46.Rb2 Ra5 47.Rc2 Kd4
48.Rd2+ Kc3 49.Rd8 f4 50.Rc8+ Kd4 51.Rd8+ Rd5 52.Ra8 Kd3 53.Ra3+ Kc2 54.
Ra2+ Kb3 55.Ra8 Rd2+ 56.Kg1 Kc3 57.Ra5 1/2-1/2

[Event "12th EUR-ch"]
[Site "Aix-les-Bains FRA"]
[Date "2011.03.27"]
[Round "6.38"]
[White "Alexandrov, Alexei"]
[Black "Popov, Valerij"]
[Result "1/2-1/2"]
[WhiteElo "2638"]
[BlackElo "2565"]
[EventDate "2011.03.22"]
[PlyCount "148"]

1.d4 d5 2.c4 e6 3.Nc3 c6 4.e3 Nf6 5.Nf3 Nbd7 6.Qc2 b6 7.Bd3 Bb7 8.O-O Be7 
9.Rd1 Qc7 10.a4 O-O 11.a5 dxc4 12.Bxc4 bxa5 13.e4 Nb6 14.Ba2 c5 15.Bb1 g6 
16.Bg5 cxd4 17.Rxd4 Rfd8 18.h3 Rxd4 19.Nxd4 Rd8 20.Nf3 Nc4 21.Bh4 a6 22.
Qe2 Rc8 23.Ba2 Ne5 24.Nxe5 Qxe5 25.Bc4 Rc6 26.Rd1 Kg7 27.Bg3 Qc5 28.b3 Rc8
29.Na4 Qc6 30.f3 Nd7 31.Kh1 Kg8 32.Qd2 Nb6 33.Nxb6 Qxb6 34.Bf2 Qc7 35.Qd7 
Bc6 36.Qxc7 Rxc7 37.Bb6 Rd7 38.Ra1 a4 39.bxa4 Bf6 40.Ra2 Rd1+ 41.Kh2 Be5+ 
42.g3 Rb1 43.a5 Bb7 44.Kg2 Kf8 45.Kf2 Ke8 46.f4 Rb2+ 47.Ke3 Rxa2 48.Bxa2 
Bc3 49.g4 Kd7 50.Bb3 Kd6 51.Kd3 Be1 52.g5 Bc6 53.Bc4 Bb7 54.Ke3 Bc3 55.Be2
Bb4 56.h4 Ba3 57.Bf3 Bc1+ 58.Kf2 e5 59.Be3 Bb2 60.f5 Ba3 61.Bb6 Bc5+ 62.
Bxc5+ Kxc5 63.Ke3 Bc6 64.h5 Kb4 65.Be2 Bb5 66.Bd1 Bc4 67.Kd2 Kxa5 68.Kc3 
Kb5 69.h6 a5 70.Bc2 Ba2 71.Kb2 Bc4 72.Kc3 Ba2 73.Kb2 Bc4 74.Kc3 Ba2 
1/2-1/2

[Event "12th EUR-ch"]
[Site "Aix-les-Bains FRA"]
[Date "2011.03.27"]
[Round "6.39"]
[White "Cornette, Matthieu"]
[Black "Bartel, Mateusz"]
[Result "1/2-1/2"]
[WhiteElo "2548"]
[BlackElo "2638"]
[EventDate "2011.03.22"]
[PlyCount "79"]

1.d4 d5 2.Nf3 e6 3.c4 c6 4.e3 Nf6 5.Nc3 a6 6.Bd3 dxc4 7.Bxc4 b5 8.Bb3 c5 
9.O-O Bb7 10.e4 cxd4 11.Nxd4 Nc6 12.Be3 Bd6 13.Bxe6 Nxd4 14.Bxd4 fxe6 15.
e5 Be7 16.exf6 Bxf6 17.Bxf6 Qxd1 18.Raxd1 gxf6 19.Rd6 Ke7 20.Rb6 Bc8 21.
Ne4 Rd8 22.Rc1 Rd4 23.f3 f5 24.Nc5 Ra7 25.a3 Rd6 26.Rxd6 Kxd6 27.b4 Bb7 
28.Nxb7+ Rxb7 29.Kf2 h5 30.Ke3 e5 31.f4 Rg7 32.fxe5+ Kxe5 33.Rc5+ Kf6 34.
Rc6+ Ke5 35.Rc5+ Kf6 36.Kf3 Rd7 37.Rc6+ Ke5 38.Rc5+ Kf6 39.Rc6+ Ke5 40.
Rc5+ 1/2-1/2

[Event "12th EUR-ch"]
[Site "Aix-les-Bains FRA"]
[Date "2011.03.27"]
[Round "6.40"]
[White "Hracek, Zbynek"]
[Black "Martinovic, Sasa"]
[Result "1-0"]
[WhiteElo "2631"]
[BlackElo "2504"]
[EventDate "2011.03.22"]
[PlyCount "89"]

1.d4 Nf6 2.c4 g6 3.Nc3 Bg7 4.e4 d6 5.Nf3 O-O 6.Be2 e5 7.O-O exd4 8.Nxd4 
Re8 9.f3 Nc6 10.Be3 Nh5 11.Qd2 Nxd4 12.Bxd4 Nf4 13.Rad1 Qg5 14.g3 Bxd4+ 
15.Qxd4 b6 16.Rfe1 Nxe2+ 17.Rxe2 Bb7 18.Nd5 Bxd5 19.cxd5 Rac8 20.Qc4 Kg7 
21.Kf2 a5 22.Qc3+ Kg8 23.h4 Qe7 24.h5 g5 25.Rc1 f6 26.g4 Qf7 27.Qd4 Rcd8 
28.Rc6 Rd7 29.Rec2 Ree7 30.a3 Kg7 31.b4 axb4 32.axb4 Qe8 33.Ra2 Rf7 34.Qc3
Qe5 35.Kg2 Qe8 36.Ra7 Qb8 37.Qa1 Qe8 38.Rb7 Qe5 39.Ra7 Qe8 40.Ra3 Rd8 41.
Qc1 Rdd7 42.Rc2 Qe7 43.Rca2 Qe5 44.Ra8 Qe7 45.h6+ 1-0

[Event "12th EUR-ch"]
[Site "Aix-les-Bains FRA"]
[Date "2011.03.27"]
[Round "6.41"]
[White "Safarli, Eltaj"]
[Black "Shimanov, Aleksandr"]
[Result "1-0"]
[WhiteElo "2628"]
[BlackElo "2550"]
[EventDate "2011.03.22"]
[PlyCount "91"]

1.e4 c6 2.d3 d5 3.Nd2 e5 4.Ngf3 Bd6 5.d4 exd4 6.exd5 cxd5 7.Nxd4 Nf6 8.
Bb5+ Bd7 9.Qe2+ Qe7 10.Bxd7+ Kxd7 11.Qxe7+ Bxe7 12.N2f3 Rc8 13.Bg5 Nc6 14.
O-O-O Ne4 15.Be3 Bf6 16.Ne2 Ke8 17.c3 b5 18.a3 Ne7 19.g4 g6 20.Nfd4 Rab8 
21.f3 Nc5 22.Nf4 a5 23.Nc2 b4 24.axb4 axb4 25.Bxc5 Rxc5 26.cxb4 Rc4 27.Nd3
Rbc8 28.Nc5 Nc6 29.Rhe1+ Be7 30.Kb1 Nxb4 31.Nxb4 Rxb4 32.Rxd5 Rf4 33.Re3 
Rc7 34.Ne4 Kf8 35.b3 f5 36.gxf5 Rxf5 37.Rxf5+ gxf5 38.Nc3 Rb7 39.Kc2 Bd6 
40.Re2 Rb4 41.Rd2 Be5 42.Rd5 Bxh2 43.Rxf5+ Kg7 44.Ne4 Rb8 45.Kc3 Rf8 46.
Kd4 1-0